Central Library OPAC University of Rajshahi

Proceedings of the 14th annual conference, Cardiff, April 1st-4th, 1966 / (Record no. 11503)

MARC details
000 -LEADER
fixed length control field 00818nam a22002417a 4500
001 - CONTROL NUMBER
control field 11503
003 - CONTROL NUMBER IDENTIFIER
rucl marc code BD-RjUL
005 - DATE AND TIME OF LATEST TRANSACTION
control field 20211208235134.0
008 - FIXED-LENGTH DATA ELEMENTS--GENERAL INFORMATION
fixed length control field 140127s1966 enk||||| b||| 00| 0 eng d
035 ## - SYSTEM CONTROL NUMBER
System control number (BD-RjUL)11552
040 ## - CATALOGING SOURCE
Original cataloging agency BD-RjUL
Language of cataloging eng
Transcribing agency BD-RjUL
041 ## - LANGUAGE CODE
Language code of text/sound track or separate title eng
082 04 - DEWEY DECIMAL CLASSIFICATION NUMBER
Edition number 22
Classification number 423
Author mark and year LIP 1966
110 ## - MAIN ENTRY--CORPORATE NAME
Corporate name or jurisdiction name as entry element Library Association
Subordinate unit Annual Conference
9 (RLIN) 35588
245 00 - TITLE STATEMENT
Title Proceedings of the 14th annual conference, Cardiff, April 1st-4th, 1966 /
Statement of responsibility, etc. Paul Kirwan; Library Association. Annual Conference.
260 ## - PUBLICATION, DISTRIBUTION, ETC. (IMPRINT)
Place of publication, distribution, etc. London :
Name of publisher, distributor, etc. The Library Association, Reference, Special and Information Section,
Date of publication, distribution, etc. 1966.
300 ## - PHYSICAL DESCRIPTION
Pagination 48 p. ;
Size 22 cm.
504 ## - BIBLIOGRAPHY, ETC. NOTE
Bibliography, etc Includes bibliography.
650 #0 - SUBJECT ADDED ENTRY--TOPICAL TERM
Topical term or geographic name as entry element Referencearbejde.
9 (RLIN) 35581
Topical term or geographic name as entry element Storbritannien.
9 (RLIN) 35582
700 1# - ADDED ENTRY--PERSONAL NAME
Personal name Kirwan, Paul.
942 ## - ADDED ENTRY ELEMENTS (KOHA)
Source of classification or shelving scheme Dewey Decimal Classification
Koha item type Books
Holdings
Lost status Source of classification or shelving scheme Damaged status Not for loan Collection code Permanent Location Current Location Shelving location Date acquired Source of acquisition Cost, normal purchase price Total Checkouts Full call number Date last seen Copy number Koha item type
  Dewey Decimal Classification   Not For Loan Non-fiction Central Library, University of Rajshahi Central Library, University of Rajshahi Reading Room 26/02/1970 Sweets & Zeitlingers 12.00   423 LIP 1966 27/01/2014 C-1 Books